Statistieken voor Belgische Stripreeksen

Klik hier om de quiz te nemen!

Algemene statistieken

  • Deze quiz is 45 keer genomen
  • De gemiddelde score is 7 van 14

Antwoordstatistieken

Schrijver/TekenaarOmschrijvingAntwoord% Correct
Willy VandersteenTwee kinderen hebben avonturen over de hele wereld, en zelfs in de ruimte en het verleden. Op het einde van het verhaal geeft het meisje je steeds een knipoog.Suske en WIske
100%
HergéReporter reist de wereld rond: Peru, San Theodoros, Syldavië, Tibet... en zelfs naar de maan.Kuifje
97%
Jef NysTienjarig jongetje mag van zijn ouders de hele wereld rondreizen dikwijls vergezeld van zijn vrienden en hun huisdieren en een verstrooide professor. De vele schatten die hij vindt, worden steeds terug gegeven aan de rechtmatige eigenaars of aan de armen.Jommeke
91%
MorrisDeze poor lonesome cowboy is, samen met zijn paard Jolly Jumper, de schrik van elke outlaw in het Wilde Westen.Lucky Luke
85%
Vandersteen-Biddeloo-e.a.Zwervende ridder komt steeds op voor de zwakken en de onderdrukten. Zijn reizen brengen hem naar Camelot, Angkor Wat, Japan, Egypte, Horst...De Rode Ridder
71%
Marc SleenEen kale, gezette man verdient zijn brood als "dagbladverschijnsel". Zijn geniale vijfjarige zoon Adhemar heeft aan vele universiteiten gestudeerd.De avonturen van Nero & Co
65%
Lambil-Cauvin-e.a.Een naieve maar plichtsgetrouwe sergeant en een korporaal met een sterk rechtvaardigheidsgevoel en een gezonde weerzin om te sterven, proberen samen de Amerikaanse burgeroorlog te overleven.De Blauwbloezen
50%
Velter-Jijé-Franquin-e.a.Twee reporters trekken de wereld rond, vergezeld van een eekhoorn en soms met een mysterieus dier uit Palombië.Robbedoes en Kwabbernoot
50%
FranquinEen sjofele postsorteerder van een stripblad brengt zijn dagen grotendeels slapend door. Als hij wakker is brengt hij zijn tijd door met het uitvinden van ingenieuze maar onpraktische apparaten en wetenschappelijke experimenten die fout aflopen.Guust Flater
35%
Willy VandersteenTwee schalkse landlopers slagen er steeds in om Nummer 17 te verschalken. Ze helpen iedereen die hun hulp nodig heeft maar "Slechts in gevaar, geweld in 't gebaar"Robert en Bertrand
32%
Hec LeemansDe leider van de bende van het Vrijbos krijgt het steeds aan de stok met Franse soldaten. Gelukkig heeft hij Rooie Zita, Pé Bruneel en Pier den BultBakelandt
24%
Edgar P. JacobsDe avonturen van een professor en kapitein van MI5, waarin ze dikwijls kolonel Olrik op hun weg vinden.Blake en Mortimer
18%
Van Hamme-RosińskiBuitenaards wezen wordt opgevoed door een vikinghoofdman. Hij krijgt drie kinderen: Jolan, Wolvin en Aniël.Thorgal
18%
Gazotti-Tome-e.a.Een New Yorkse politieagent heeft zijn moeder voorgelogen dat hij een priester is. Als ze bij hem komt wonen omwille van een hartziekte, heeft hij een probleem.Soda
9%

Scoreverdeling

Percentiel versus Aantal Correcte Antwoorden

Procent van Mensen met Elke Score

Uw Scoregeschiedenis

U heeft deze quiz nog niet genomen